000 40072nam a22033975i 4500
005 20230718140406.0
006 m|||||o||d||||||||
007 cr || ||||||||
008 221205t20222019pl fo d z eng d
020 _a9783110605402
040 _aDE-B1597
_beng
_cDE-B1597
_erda
041 0 _aeng
245 0 0 _aSystem Safety :
_bHuman - Technical Facility - Environment.
_nVolume 1,
_p(2019) /
_ced. by Robert Ulewicz.
264 1 _aWarsaw ;
_aBerlin :
_bSciendo,
_c[2022]
264 4 _c©2019
300 _a1 online resource (1035 p.)
336 _atext
_btxt
_2rdacontent
337 _acomputer
_bc
_2rdamedia
338 _aonline resource
_bcr
_2rdacarrier
347 _atext file
_bPDF
_2rda
490 0 _aSystem Safety ;
_vVolume 1
505 0 0 _tOccupational Hazards Management Using a Grey-Based Decision-Making Approach --
_tThe Relations Between Safety Culture and Quality Culture --
_tFuzzy Topsis in the Assessment of OHS Management System --
_tThe Development of an Explosion Protection System in the Starting Air Manifold of a High Power Engine --
_tJob Safety Analysis in the Context of the Risk Management Process --
_tThe Machinery Safety Management - Selected Issues --
_tThe Security of the Health Organization Management - The Role of Doctors, Patients and Relations Between Them --
_tErgonomic Evaluation of Working Position Using the Reba Method - Case Study --
_tWork Safety in CSR Standards, Norms and Management Practice --
_tThe Management and Potential Risk Reduction in the Processing of Rare Earths Elements --
_tAccident at Work as an Indicator Supporting the Decision Making Process --
_tHuman Factor Management in Fire Protection and in Evacuation from Public Utility Objects --
_tAssessment and Management of Risk in Improving the OHS Management System --
_tThe Security of Information Channels in Banking Services --
_tSelected Entrepreneurship Support Factors Increasing Women's Safety and Work Comfort --
_tOperational Control in the Process Safety Assurance --
_tAssessment of Employees Level of Awareness in the Aspect of Information Security --
_tImpact of Occupational Health and Safety Regulations on the Employee's Decision to Take up Employment --
_tAnalysis of the Accidental Release of Chlorine --
_tCreating Value Added for an Enterprise by Managing Information Security Incidents --
_tInnovation Safety Management by Shaping the Law on Non-Practising Entities (Patent Trolls) in the USA and EU --
_tThe Role and Importance of Improvement Activities in Functioning of the Company in the Area of Safe and Healthy --
_tStrategic Goals of the European Union in Managing Health Safety --
_tEvaluation of the Level of Work Safety, Advancement and Efficiency of the Use of Machines and Devices on Labelling and Packaging Line and an Attempt to Compare the Results Using the Modified McKinsey Matrix --
_tProfessional Stress Management in the Work of a Selected Group of Uniform Services - Case Study --
_tThe Work Environment Management in the Aspect of the Safety Shaping at the Administration and Office Workplace --
_tDynamic Management of Occupational Health and Safety Processes in Integrated Business Information Systems --
_tThe Ergonomic Assessment of Cycle Rickshaw Operators Using Rapid Upper Limb Assessment (RULA) Tool and Rapid Entire Body Assessment (REBA) Tool --
_tSafety at the Workplace - Selected Issues of Personal Data Safety --
_tRisk Management as a Process Security Tool --
_tInstitutional Aspects of Health and Safety at Work in Poland --
_tMethodology of Trainings in the Scope of Health and Safety --
_tLevels of Pro-Environmental Maturity in Micro and Small Enterprises --
_tPsychosocial Risks at Work of Supportive Teacher - Case Study --
_tPatient Safety in the Aspect of Process and Procedures Connected with Medical Services --
_tCorrosion of Reinforce Bars in RC Constructions --
_tSafety of Formworks in the Engineering and General Construction Sector --
_tGlass Building Elements - Technical Aspects of Safe Usage in the Structure --
_tResearch on Self-Drilling Screwed Lap Connections in Steel Diaphragms and the Design Models --
_tSafety of Photovoltaic Installations and Analysis of the Costs of Using Photovoltaic Panels Producing Energy for the Needs of Customers in Central Poland --
_tSafety of Use of the Buildings in the Aspect of the Indoor Environmental Quality --
_tBusiness Risk and Project Management in Civil Construction Branch --
_tSafety of Road Roller Technical Operation Through Diagnosis --
_tEconomic Aspects of Reducing Low-Stack Emission in Poland --
_tEnvironmental Management in the Context of Corporate Sustainability Concept --
_tMachinery Life Cycle Efficiency Models for their Sustainable Development --
_tEcological Efficiency Assessment Model for Environmental Safety Management of Wind Power Plant --
_tEcological and Economic Benefits and Safety of the Use of Coal Gas in Industry --
_tApplication of Low Carbon Technology in Metallurgy --
_tAnalysis of the Design and Implementation Phase of ISO 14001 Environmental Management Systems in Manufacturing Enterprises --
_tSustainability Indicators and Environmental Safety Management as Illustrated with an Example of the Polish Energy Sector --
_tUse of Expert Systems in Crisis Management --
_tTechnological Innovation in the Aspect of Safety in the Process of Heat Supply --
_tField Study of Air Quality Improvement by a "Green Roof" in Kyiv --
_tSustainable Consumption and Segmentation of Potential Low Emission Vehicle Buyers --
_tEnvironmental Safety as a Challenge for Management Practice in the Brewing Industry in the Era of Craft Beer Revolution --
_tPromoting Sustainable and Circular Plastics Use in Egipt with Implementation of Ecodesign Principles --
_tThe Use of Thermovision in the Monitoring of Coal Storage Facilities as an Element of Safety Management in the Warehouse Management --
_tEnvironmental Sustainable Waste Management for a City Multi-Floor Manufacturing Cluster --
_tSustainable Top Managers and their Activities in the Enterprise of the Future --
_tInfluence of External Environmental Factors on Range Estimation of Autonomous Hybrid Vehicles --
_tAnalysis of the Influence of the Heat-Absorbing Surface of an Air-Cooled Solar Collector on its Thermal and Mechanical Properties --
_tSafety of CMS Experiment Systems Operation - Integration of a New CO2 Fire Extinguishing Weighing System to the CMS Safety Panel --
_tIdentification of the Needs and Expectations of University Students from Engineering Courses on the Example of a University in Poland --
_tIdentification of the Key Operational Parameters as an Element of Technological Process' Operational Control --
_tThe Effect of Lean Tools on the Safety Level in Manufacturing Organisations --
_tMulti Criteria Decision Making Model for Logistics Processes in Particular Enterprise --
_tA Model of Lean Management for Organizational Innovation: Cases in Visegrád and AFTA --
_tBasis of Biomass Grinders Sustainable Designing --
_tUsing the Dematel Model for the FMEA Risk Analysis --
_tFood Safety in Quality Mark Aspect --
_tProduct Safety Management as an Important Area of the Lean Management Concept --
_tOn Rapid Development of Reactive Wireless Sensor Systems --
_tThe Use of New Technology to Improve The Quality of Production on a CNC Machine Tool --
_tFood Safety and Competencies of Laboratory Employees in Organic Food Processing --
_tApplication of Algorithm of Discipline D2 of G8D Method in Solving Selected Problems of Quality Control Management --
_tMethods of Optimizing the Supply Chain on the Example of a Selected Enterprise --
_tStatistical Analysis of Quality Parameters of Pig Iron --
_tManagement the Safety of Exploitation of the Rotation Mechanism in a Self-Propelled Crane --
_tDamage Risk of the Raceway Edge Arise in Four-Point Slewing Bearing --
_tTPM Safety Impact - Case Study --
_tEvaluation of Customer Service Quality and Security in Retail Network --
_tCreating Safe and Competitive Conditions for the Provision of Rail Transport Services --
_tThe Quality of Education on Workplace Safety Master Studies - The Issue of Teaching Methods --
_tSimulations of Safety Vales for Fluid Power Systems --
_tInfluence of the Environment on the Operational Safety of a Fluidized Bed Boiler --
_tMatrix FMEA Analysis as a Preventive Method for Quality Design of Hydraulic Components --
_tThe Revitalization of Radar System as a Case of Functional and Information Security Problems --
_tHydraulic Systems Safety by Reducing Operation and Maintenance Mistakes --
_tEx-Ante Risk Estimation in the Production Project --
_tThe Smoothed Bootstrap Fine-Tuning --
_tThe Bootstrap Method as a Tool to Improve the Design of Experiments --
_tLogistics Performance and Management of Logistics System Safety --
_tFatigue Properties of Nodular Cast Irons Alloyed By Si, Mo and Cu --
_tCorrosion Properties of 1.4512 Ferritic and 1.4404 Austenitic Steels for the Automotive Industry --
_tInfluence of the Welding Joint Type on Safety Properties of the Armor Steel Armox 500T --
_tImpact of Corrosion Effect on the Quality and Safety of Refractory Materials --
_tThe Energy Use of Granulate and Pyrolysis Oil from Discarded Car Tires as a Method to Increase Ecological and
505 0 0 _tEnergy Safety --
_tComposites With Rubber Matrix And Ferrimagnetic Filling --
_tAnalysis of Deflection and Cracking of Concrete Beams with Non-Metallic Reinforcement --
_tTheimpact of the Coatingsystem for Rolling Stock on Fire and Anti-Corrosion Properties --
_tOperational Properties of the Cermet Electro-Spark Coatings after Laser Treatment - Technology and Application --
_tInvestigation of the Mechanism of Moisture Absorption in Colloidal Museum Materials in Order to Improve the Safety of Exhibits and Improve the Hygiene of Museum Rooms --
_tFatigue Characteristics of Materials Used in Transport Industry Applications --
_tComparison of Selected Shading Correction Methods --
_tDiagnosis in New Technological Line for Steel Fiber Production for Process Safety --
_tThe Scope of Protection and Financing of Social Risk in Poland on the Example of the Social Security Administration --
_tMarketing Activities of Health Care Organizations and Patient Safety --
_tSafety of Sports Mass Events in the Context of Creating a Marketing Product --
_tThe Analysis of Selected Relationships Between Human Resource Management Style and the Effectiveness of Knowledge Management --
_tThe Role of the Foreign Trade in Ensuring Food Sacurity in the Countries of the World: An Empirical Analysis --
_tThreats in the Workplace as a Determinant of Shaping the Employee's Ability to Work --
_tEffective Ways of Content Creation in Disseminating Knowledge from Health and Safety Area --
_tSystem and Human Safety: Critical Infrastructure and Anti-Terrorist Attachment --
_tThe Role of Human Resources in The Creation of Innovation Position of Poland - Comparative Analysis to EU Countries Based on SII Index --
_tTowards Artificial Intelligence. Sociological Reflections on the Relationship Man - Organization - Device --
_tInternational Dimension of Knowledge Management in Supplier of Quality Outsourcing - Case Study --
_tProfessional Adaptation of New Employees to the Organization --
_tPsychosocial Security of Employees in the Work Environment in the Context of Diversity Management --
_tDo-It-Yourself Terrorism. How Do Terrorist Organizations Inspire, Support and Teach Their European Supporters via Internet? --
_tSemantic Description of the Organizational Knowledge Resources - Selected Aspects of Security --
_tEvaluation of Safety in the Workplace Importance in a Company from Metal Products Industry --
_tKnowledge Management - Education in the Light of Industry 4.0 --
_tThe Role of Fastening Loads in the Safety Management of Intermodal Transport of Truck Semi-Trailers --
_tConcept of Knowledge Management in Modern Enterprises --
_tSolving Selected Quality Management Problems with the Use of the D4 Discipline Algorithm of the G8D Method --
_tCustomer Relationship Management (CRM) - Philosophy and its Significance for the Enterprise --
_tKnowledge Management in Intelligent Organizations --
_tRecruitment, Selection and Adaptation of Staff in Enterprise --
_tThe Application of Business Intelligence Systems in Logistics. Review of Selected Practical Examples
506 0 _funrestricted online access
_2star
520 _aThe magazine's publications deal with issues related to work safety. Both in the area of occupational health and safety, organization of the workplace (technical aspects) and the environment (environmental factors in working conditions). The publications presented combine legal requirements in the field of work safety with the technical solutions that are designed to meet the minimum requirements. They present and analyze the requirements of technological processes carried out at workplaces. Sociological issues are also carried out in the analyzes, in the scope of training and creating a safety culture within production enterprises. Scope Subject areas, suitable for publication, include the following fields: Health and safety management systems Technological safety The role of the human factor in occupational health and safety management systems Safety of technical facilities operation (safety engineering) Environmental safety management Safety management of products and services Management of occupational risk Economical aspects of occupational health and safety Legal aspects of health and safety at work Safety in material engineering Safety in civil engineering Product quality and user safety Safety logistics Safety in innovation and their transfer Knowledge and information management 7th International Conference SYSTEM SAFETY HUMAN - TECHNICAL FACILITY - ENVIRONMENT e-Book ISBN: 978-3-11-060540-2 8th International Conference SYSTEM SAFETY HUMAN - TECHNICAL FACILITY - ENVIRONMENT e-Book ISBN: 978-83-957204-3-7 Archiving Sciendo archives the contents of this journal in Portico - digital long-term preservation service of scholarly books, journals and collections. Plagiarism Policy The editorial board is participating in a growing community of Similarity Check System's users in order to ensure that the content published is original and trustworthy. Similarity Check is a medium that allows for comprehensive manuscripts screening, aimed to eliminate plagiarism and provide a high standard and quality peer-review process.
538 _aMode of access: Internet via World Wide Web.
540 _aThis eBook is made available Open Access under a CC BY-NC-ND 4.0 license:
_uhttps://creativecommons.org/licenses/by-nc-nd/4.0
_uhttps://www.degruyter.com/dg/page/open-access-policy
546 _aIn English.
588 0 _aDescription based on online resource; title from PDF title page (publisher's Web site, viewed 05. Dez 2022)
650 7 _aBUSINESS & ECONOMICS / Management.
_2bisacsh
700 1 _aAláč, Patrik,
_econtributor.
_4ctb
_4https://id.loc.gov/vocabulary/relators/ctb
700 1 _aArbuz, Aleksader S.,
_econtributor.
_4ctb
_4https://id.loc.gov/vocabulary/relators/ctb
700 1 _aArbuz, Alexander,
_econtributor.
_4ctb
_4https://id.loc.gov/vocabulary/relators/ctb
700 1 _aArsić, Dušan,
_econtributor.
_4ctb
_4https://id.loc.gov/vocabulary/relators/ctb
700 1 _aBajdor, Paula,
_econtributor.
_4ctb
_4https://id.loc.gov/vocabulary/relators/ctb
700 1 _aBaryshnikova, Natalia,
_econtributor.
_4ctb
_4https://id.loc.gov/vocabulary/relators/ctb
700 1 _aBaskiewicz, Nicoletta,
_econtributor.
_4ctb
_4https://id.loc.gov/vocabulary/relators/ctb
700 1 _aBazan-Bulanda, Anna,
_econtributor.
_4ctb
_4https://id.loc.gov/vocabulary/relators/ctb
700 1 _aBałdowska-Witos, Patrycja,
_econtributor.
_4ctb
_4https://id.loc.gov/vocabulary/relators/ctb
700 1 _aBelan, Juraj,
_econtributor.
_4ctb
_4https://id.loc.gov/vocabulary/relators/ctb
700 1 _aBesta, Petr,
_econtributor.
_4ctb
_4https://id.loc.gov/vocabulary/relators/ctb
700 1 _aBlažević, Lovorka Begović,
_econtributor.
_4ctb
_4https://id.loc.gov/vocabulary/relators/ctb
700 1 _aBlikharskyy, Yaroslav,
_econtributor.
_4ctb
_4https://id.loc.gov/vocabulary/relators/ctb
700 1 _aBlikharskyy, Zinoviy,
_econtributor.
_4ctb
_4https://id.loc.gov/vocabulary/relators/ctb
700 1 _aBorade, Atul B.,
_econtributor.
_4ctb
_4https://id.loc.gov/vocabulary/relators/ctb
700 1 _aBrožova, Silvie,
_econtributor.
_4ctb
_4https://id.loc.gov/vocabulary/relators/ctb
700 1 _aBrózda, Kinga,
_econtributor.
_4ctb
_4https://id.loc.gov/vocabulary/relators/ctb
700 1 _aBsoul-Kopowska, Magdalena,
_econtributor.
_4ctb
_4https://id.loc.gov/vocabulary/relators/ctb
700 1 _aBujna, Marián,
_econtributor.
_4ctb
_4https://id.loc.gov/vocabulary/relators/ctb
700 1 _aByrtus, Vojtěch,
_econtributor.
_4ctb
_4https://id.loc.gov/vocabulary/relators/ctb
700 1 _aChalupová, Mária,
_econtributor.
_4ctb
_4https://id.loc.gov/vocabulary/relators/ctb
700 1 _aChattinnawat, Wichai,
_econtributor.
_4ctb
_4https://id.loc.gov/vocabulary/relators/ctb
700 1 _aChmielarz, Grzegorz,
_econtributor.
_4ctb
_4https://id.loc.gov/vocabulary/relators/ctb
700 1 _aChovniuk, Yurii,
_econtributor.
_4ctb
_4https://id.loc.gov/vocabulary/relators/ctb
700 1 _aChybowski, Leszek,
_econtributor.
_4ctb
_4https://id.loc.gov/vocabulary/relators/ctb
700 1 _aCierniak-Emerych, Anna,
_econtributor.
_4ctb
_4https://id.loc.gov/vocabulary/relators/ctb
700 1 _aCioca, Lucian-Ionel,
_econtributor.
_4ctb
_4https://id.loc.gov/vocabulary/relators/ctb
700 1 _aCyganiuk, Joanna,
_econtributor.
_4ctb
_4https://id.loc.gov/vocabulary/relators/ctb
700 1 _aCzajkowska, Agnieszka,
_econtributor.
_4ctb
_4https://id.loc.gov/vocabulary/relators/ctb
700 1 _aDaroń, Marta,
_econtributor.
_4ctb
_4https://id.loc.gov/vocabulary/relators/ctb
700 1 _aDaróczi, Miklós,
_econtributor.
_4ctb
_4https://id.loc.gov/vocabulary/relators/ctb
700 1 _aDaňková, Alena,
_econtributor.
_4ctb
_4https://id.loc.gov/vocabulary/relators/ctb
700 1 _aDeja, Agnieszka,
_econtributor.
_4ctb
_4https://id.loc.gov/vocabulary/relators/ctb
700 1 _aDomagała, Mariusz,
_econtributor.
_4ctb
_4https://id.loc.gov/vocabulary/relators/ctb
700 1 _aDoudkin, Mikhail V.,
_econtributor.
_4ctb
_4https://id.loc.gov/vocabulary/relators/ctb
700 1 _aDovhaliuk, Volodymyr,
_econtributor.
_4ctb
_4https://id.loc.gov/vocabulary/relators/ctb
700 1 _aDroppa, Milan,
_econtributor.
_4ctb
_4https://id.loc.gov/vocabulary/relators/ctb
700 1 _aDudek, Agata,
_econtributor.
_4ctb
_4https://id.loc.gov/vocabulary/relators/ctb
700 1 _aDunay, Anna,
_econtributor.
_4ctb
_4https://id.loc.gov/vocabulary/relators/ctb
700 1 _aDwornicka, Renata,
_econtributor.
_4ctb
_4https://id.loc.gov/vocabulary/relators/ctb
700 1 _aDzhuguryan, Tygran,
_econtributor.
_4ctb
_4https://id.loc.gov/vocabulary/relators/ctb
700 1 _aDziuba, Szymon T.,
_econtributor.
_4ctb
_4https://id.loc.gov/vocabulary/relators/ctb
700 1 _aEl Haddad, Rawan,
_econtributor.
_4ctb
_4https://id.loc.gov/vocabulary/relators/ctb
700 1 _aElbary, Rowan Abd,
_econtributor.
_4ctb
_4https://id.loc.gov/vocabulary/relators/ctb
700 1 _aFabiś-Domagała, Joanna,
_econtributor.
_4ctb
_4https://id.loc.gov/vocabulary/relators/ctb
700 1 _aFaizan, Riffat,
_econtributor.
_4ctb
_4https://id.loc.gov/vocabulary/relators/ctb
700 1 _aFilo, Grzegorz,
_econtributor.
_4ctb
_4https://id.loc.gov/vocabulary/relators/ctb
700 1 _aFlizikowski, Józef,
_econtributor.
_4ctb
_4https://id.loc.gov/vocabulary/relators/ctb
700 1 _aFröhlich, Siegmund,
_econtributor.
_4ctb
_4https://id.loc.gov/vocabulary/relators/ctb
700 1 _aGajda, Joanna,
_econtributor.
_4ctb
_4https://id.loc.gov/vocabulary/relators/ctb
700 1 _aGarbiec, Roman,
_econtributor.
_4ctb
_4https://id.loc.gov/vocabulary/relators/ctb
700 1 _aGburzyński, Paweł,
_econtributor.
_4ctb
_4https://id.loc.gov/vocabulary/relators/ctb
700 1 _aGhabour, Rajab,
_econtributor.
_4ctb
_4https://id.loc.gov/vocabulary/relators/ctb
700 1 _aGnatowski, Adam,
_econtributor.
_4ctb
_4https://id.loc.gov/vocabulary/relators/ctb
700 1 _aGorde, Mahesh S.,
_econtributor.
_4ctb
_4https://id.loc.gov/vocabulary/relators/ctb
700 1 _aGoroshko, Andrii,
_econtributor.
_4ctb
_4https://id.loc.gov/vocabulary/relators/ctb
700 1 _aGołębski, Rafał,
_econtributor.
_4ctb
_4https://id.loc.gov/vocabulary/relators/ctb
700 1 _aGrabińska, Aleksandra,
_econtributor.
_4ctb
_4https://id.loc.gov/vocabulary/relators/ctb
700 1 _aGrambalová, Eva,
_econtributor.
_4ctb
_4https://id.loc.gov/vocabulary/relators/ctb
700 1 _aGrochowski, Marek,
_econtributor.
_4ctb
_4https://id.loc.gov/vocabulary/relators/ctb
700 1 _aGrofelnik, Igor,
_econtributor.
_4ctb
_4https://id.loc.gov/vocabulary/relators/ctb
700 1 _aGryniewicz, Marcin,
_econtributor.
_4ctb
_4https://id.loc.gov/vocabulary/relators/ctb
700 1 _aGórniak, Patrycja,
_econtributor.
_4ctb
_4https://id.loc.gov/vocabulary/relators/ctb
700 1 _aGórny, Adam,
_econtributor.
_4ctb
_4https://id.loc.gov/vocabulary/relators/ctb
700 1 _aGórska, Monika,
_econtributor.
_4ctb
_4https://id.loc.gov/vocabulary/relators/ctb
700 1 _aGądek-Moszczak, Aneta,
_econtributor.
_4ctb
_4https://id.loc.gov/vocabulary/relators/ctb
700 1 _aHadzima, Branislav,
_econtributor.
_4ctb
_4https://id.loc.gov/vocabulary/relators/ctb
700 1 _aHamplová, Eva,
_econtributor.
_4ctb
_4https://id.loc.gov/vocabulary/relators/ctb
700 1 _aHelbrych, Paweł,
_econtributor.
_4ctb
_4https://id.loc.gov/vocabulary/relators/ctb
700 1 _aHonus, Stanislav,
_econtributor.
_4ctb
_4https://id.loc.gov/vocabulary/relators/ctb
700 1 _aHorák, Vit,
_econtributor.
_4ctb
_4https://id.loc.gov/vocabulary/relators/ctb
700 1 _aHoráková, Nicole,
_econtributor.
_4ctb
_4https://id.loc.gov/vocabulary/relators/ctb
700 1 _aHussadintorn Na Ayutthaya, Duangthida,
_econtributor.
_4ctb
_4https://id.loc.gov/vocabulary/relators/ctb
700 1 _aIdzikowski, Adam,
_econtributor.
_4ctb
_4https://id.loc.gov/vocabulary/relators/ctb
700 1 _aIngaldi, Manuela,
_econtributor.
_4ctb
_4https://id.loc.gov/vocabulary/relators/ctb
700 1 _aJasik-Ślęzak, Jolanta,
_econtributor.
_4ctb
_4https://id.loc.gov/vocabulary/relators/ctb
700 1 _aJereb, Borut,
_econtributor.
_4ctb
_4https://id.loc.gov/vocabulary/relators/ctb
700 1 _aJonek-Kowalska, Izabela,
_econtributor.
_4ctb
_4https://id.loc.gov/vocabulary/relators/ctb
700 1 _aJursova, Simona,
_econtributor.
_4ctb
_4https://id.loc.gov/vocabulary/relators/ctb
700 1 _aJursová, Simona,
_econtributor.
_4ctb
_4https://id.loc.gov/vocabulary/relators/ctb
700 1 _aJustyna, Żywiołek,
_econtributor.
_4ctb
_4https://id.loc.gov/vocabulary/relators/ctb
700 1 _aKapustka, Katarzyna,
_econtributor.
_4ctb
_4https://id.loc.gov/vocabulary/relators/ctb
700 1 _aKaraalp Orhan, Hacer Simay,
_econtributor.
_4ctb
_4https://id.loc.gov/vocabulary/relators/ctb
700 1 _aKardas, Edyta,
_econtributor.
_4ctb
_4https://id.loc.gov/vocabulary/relators/ctb
700 1 _aKarkoszka, Tatiana,
_econtributor.
_4ctb
_4https://id.loc.gov/vocabulary/relators/ctb
700 1 _aKarpisz, Dariusz,
_econtributor.
_4ctb
_4https://id.loc.gov/vocabulary/relators/ctb
700 1 _aKasian, Serhii,
_econtributor.
_4ctb
_4https://id.loc.gov/vocabulary/relators/ctb
700 1 _aKasner, Robert,
_econtributor.
_4ctb
_4https://id.loc.gov/vocabulary/relators/ctb
700 1 _aKasynets, Mariana,
_econtributor.
_4ctb
_4https://id.loc.gov/vocabulary/relators/ctb
700 1 _aKazienko, Damian,
_econtributor.
_4ctb
_4https://id.loc.gov/vocabulary/relators/ctb
700 1 _aKač, Sonja Mlakar,
_econtributor.
_4ctb
_4https://id.loc.gov/vocabulary/relators/ctb
700 1 _aKhmil, Roman,
_econtributor.
_4ctb
_4https://id.loc.gov/vocabulary/relators/ctb
700 1 _aKielesińska, Agata,
_econtributor.
_4ctb
_4https://id.loc.gov/vocabulary/relators/ctb
700 1 _aKiełbus, Anna,
_econtributor.
_4ctb
_4https://id.loc.gov/vocabulary/relators/ctb
700 1 _aKiełtyka, Leszek,
_econtributor.
_4ctb
_4https://id.loc.gov/vocabulary/relators/ctb
700 1 _aKim, Alina I.,
_econtributor.
_4ctb
_4https://id.loc.gov/vocabulary/relators/ctb
700 1 _aKiriliuk, Olga,
_econtributor.
_4ctb
_4https://id.loc.gov/vocabulary/relators/ctb
700 1 _aKlimecka-Tatar, Dorota,
_econtributor.
_4ctb
_4https://id.loc.gov/vocabulary/relators/ctb
700 1 _aKliment, Juraj,
_econtributor.
_4ctb
_4https://id.loc.gov/vocabulary/relators/ctb
700 1 _aKnapiński, Marcin,
_econtributor.
_4ctb
_4https://id.loc.gov/vocabulary/relators/ctb
700 1 _aKnez, Matjaž,
_econtributor.
_4ctb
_4https://id.loc.gov/vocabulary/relators/ctb
700 1 _aKnop, Krzysztof,
_econtributor.
_4ctb
_4https://id.loc.gov/vocabulary/relators/ctb
700 1 _aKobyłecki, Rafał,
_econtributor.
_4ctb
_4https://id.loc.gov/vocabulary/relators/ctb
700 1 _aKonstanty, Janusz,
_econtributor.
_4ctb
_4https://id.loc.gov/vocabulary/relators/ctb
700 1 _aKoomsap, Pisut,
_econtributor.
_4ctb
_4https://id.loc.gov/vocabulary/relators/ctb
700 1 _aKopciuszewska, Elżbieta,
_econtributor.
_4ctb
_4https://id.loc.gov/vocabulary/relators/ctb
700 1 _aKosior-Kazberuk, Marta,
_econtributor.
_4ctb
_4https://id.loc.gov/vocabulary/relators/ctb
700 1 _aKot, Sebastian,
_econtributor.
_4ctb
_4https://id.loc.gov/vocabulary/relators/ctb
700 1 _aKotus, Martin,
_econtributor.
_4ctb
_4https://id.loc.gov/vocabulary/relators/ctb
700 1 _aKovalyshyn, Stephan,
_econtributor.
_4ctb
_4https://id.loc.gov/vocabulary/relators/ctb
700 1 _aKowalski, Sławomir,
_econtributor.
_4ctb
_4https://id.loc.gov/vocabulary/relators/ctb
700 1 _aKozak, Krystyna,
_econtributor.
_4ctb
_4https://id.loc.gov/vocabulary/relators/ctb
700 1 _aKozień, Adam,
_econtributor.
_4ctb
_4https://id.loc.gov/vocabulary/relators/ctb
700 1 _aKozień, Ewa,
_econtributor.
_4ctb
_4https://id.loc.gov/vocabulary/relators/ctb
700 1 _aKozień, Marek S.,
_econtributor.
_4ctb
_4https://id.loc.gov/vocabulary/relators/ctb
700 1 _aKrassowska, Julita,
_econtributor.
_4ctb
_4https://id.loc.gov/vocabulary/relators/ctb
700 1 _aKrukowska-Miler, Agata,
_econtributor.
_4ctb
_4https://id.loc.gov/vocabulary/relators/ctb
700 1 _aKruszelnicka, Weronika,
_econtributor.
_4ctb
_4https://id.loc.gov/vocabulary/relators/ctb
700 1 _aKruzel, Robert,
_econtributor.
_4ctb
_4https://id.loc.gov/vocabulary/relators/ctb
700 1 _aKrynke, Marek,
_econtributor.
_4ctb
_4https://id.loc.gov/vocabulary/relators/ctb
700 1 _aKuchariková, Lenka,
_econtributor.
_4ctb
_4https://id.loc.gov/vocabulary/relators/ctb
700 1 _aKucęba, Robert,
_econtributor.
_4ctb
_4https://id.loc.gov/vocabulary/relators/ctb
700 1 _aKuryło, Piotr,
_econtributor.
_4ctb
_4https://id.loc.gov/vocabulary/relators/ctb
700 1 _aKwiatek, Agnieszka,
_econtributor.
_4ctb
_4https://id.loc.gov/vocabulary/relators/ctb
700 1 _aLazar, Livia V.,
_econtributor.
_4ctb
_4https://id.loc.gov/vocabulary/relators/ctb
700 1 _aLazić, Vukić,
_econtributor.
_4ctb
_4https://id.loc.gov/vocabulary/relators/ctb
700 1 _aLegchilina, Elena,
_econtributor.
_4ctb
_4https://id.loc.gov/vocabulary/relators/ctb
700 1 _aLempa, Paweł,
_econtributor.
_4ctb
_4https://id.loc.gov/vocabulary/relators/ctb
700 1 _aLesníková, Petra,
_econtributor.
_4ctb
_4https://id.loc.gov/vocabulary/relators/ctb
700 1 _aLima, Rui M.,
_econtributor.
_4ctb
_4https://id.loc.gov/vocabulary/relators/ctb
700 1 _aLis, Anna,
_econtributor.
_4ctb
_4https://id.loc.gov/vocabulary/relators/ctb
700 1 _aLisec, Andrej,
_econtributor.
_4ctb
_4https://id.loc.gov/vocabulary/relators/ctb
700 1 _aLukman, Rebeka Kovačič,
_econtributor.
_4ctb
_4https://id.loc.gov/vocabulary/relators/ctb
700 1 _aMarkovičová, Lenka,
_econtributor.
_4ctb
_4https://id.loc.gov/vocabulary/relators/ctb
700 1 _aMaszke, Adrian,
_econtributor.
_4ctb
_4https://id.loc.gov/vocabulary/relators/ctb
700 1 _aMatušeková, Eva,
_econtributor.
_4ctb
_4https://id.loc.gov/vocabulary/relators/ctb
700 1 _aMazur, Magdalena,
_econtributor.
_4ctb
_4https://id.loc.gov/vocabulary/relators/ctb
700 1 _aMesjasz-Lech, Agata,
_econtributor.
_4ctb
_4https://id.loc.gov/vocabulary/relators/ctb
700 1 _aMichalak, Aneta,
_econtributor.
_4ctb
_4https://id.loc.gov/vocabulary/relators/ctb
700 1 _aMichalski, Dariusz,
_econtributor.
_4ctb
_4https://id.loc.gov/vocabulary/relators/ctb
700 1 _aMielczarek, Krzysztof,
_econtributor.
_4ctb
_4https://id.loc.gov/vocabulary/relators/ctb
700 1 _aMikulová, Pavlína,
_econtributor.
_4ctb
_4https://id.loc.gov/vocabulary/relators/ctb
700 1 _aMileikovskyi, Viktor,
_econtributor.
_4ctb
_4https://id.loc.gov/vocabulary/relators/ctb
700 1 _aMomeni, Hassan,
_econtributor.
_4ctb
_4https://id.loc.gov/vocabulary/relators/ctb
700 1 _aMroziński, Adam,
_econtributor.
_4ctb
_4https://id.loc.gov/vocabulary/relators/ctb
700 1 _aMrozński, Adam,
_econtributor.
_4ctb
_4https://id.loc.gov/vocabulary/relators/ctb
700 1 _aNguyen, My,
_econtributor.
_4ctb
_4https://id.loc.gov/vocabulary/relators/ctb
700 1 _aNiciejewska, Marta,
_econtributor.
_4ctb
_4https://id.loc.gov/vocabulary/relators/ctb
700 1 _aNiedbał, Rafał,
_econtributor.
_4ctb
_4https://id.loc.gov/vocabulary/relators/ctb
700 1 _aNiemira, Przemysław,
_econtributor.
_4ctb
_4https://id.loc.gov/vocabulary/relators/ctb
700 1 _aNieszporska, Sylwia,
_econtributor.
_4ctb
_4https://id.loc.gov/vocabulary/relators/ctb
700 1 _aNikolić, Ružica,
_econtributor.
_4ctb
_4https://id.loc.gov/vocabulary/relators/ctb
700 1 _aNitkiewicz, Tomasz,
_econtributor.
_4ctb
_4https://id.loc.gov/vocabulary/relators/ctb
700 1 _aObrecht, Matevz,
_econtributor.
_4ctb
_4https://id.loc.gov/vocabulary/relators/ctb
700 1 _aObrecht, Matevž,
_econtributor.
_4ctb
_4https://id.loc.gov/vocabulary/relators/ctb
700 1 _aOdzimek, Tomasz,
_econtributor.
_4ctb
_4https://id.loc.gov/vocabulary/relators/ctb
700 1 _aOlkiewicz, Marcin,
_econtributor.
_4ctb
_4https://id.loc.gov/vocabulary/relators/ctb
700 1 _aOstraszewska, Zuzanna,
_econtributor.
_4ctb
_4https://id.loc.gov/vocabulary/relators/ctb
700 1 _aPabian, Arnold,
_econtributor.
_4ctb
_4https://id.loc.gov/vocabulary/relators/ctb
700 1 _aPacana, Andrzej,
_econtributor.
_4ctb
_4https://id.loc.gov/vocabulary/relators/ctb
700 1 _aPaduchowicz, Radosław,
_econtributor.
_4ctb
_4https://id.loc.gov/vocabulary/relators/ctb
700 1 _aPalfy, Pavol,
_econtributor.
_4ctb
_4https://id.loc.gov/vocabulary/relators/ctb
700 1 _aPasieczyński, Łukasz,
_econtributor.
_4ctb
_4https://id.loc.gov/vocabulary/relators/ctb
700 1 _aPałęga, Michał,
_econtributor.
_4ctb
_4https://id.loc.gov/vocabulary/relators/ctb
700 1 _aPiasecka, Izabela,
_econtributor.
_4ctb
_4https://id.loc.gov/vocabulary/relators/ctb
700 1 _aPietraszek, Jacek,
_econtributor.
_4ctb
_4https://id.loc.gov/vocabulary/relators/ctb
700 1 _aPilarz, Damian,
_econtributor.
_4ctb
_4https://id.loc.gov/vocabulary/relators/ctb
700 1 _aPiwowarczyk, Adam,
_econtributor.
_4ctb
_4https://id.loc.gov/vocabulary/relators/ctb
700 1 _aPlacek, Piotr,
_econtributor.
_4ctb
_4https://id.loc.gov/vocabulary/relators/ctb
700 1 _aPobędza, Janusz,
_econtributor.
_4ctb
_4https://id.loc.gov/vocabulary/relators/ctb
700 1 _aPristavka, Miroslav,
_econtributor.
_4ctb
_4https://id.loc.gov/vocabulary/relators/ctb
700 1 _aPrusak, Rafal,
_econtributor.
_4ctb
_4https://id.loc.gov/vocabulary/relators/ctb
700 1 _aPrusak, Rafał,
_econtributor.
_4ctb
_4https://id.loc.gov/vocabulary/relators/ctb
700 1 _aPrzystupa, Franciszek W.,
_econtributor.
_4ctb
_4https://id.loc.gov/vocabulary/relators/ctb
700 1 _aPustejovska, Pavlina,
_econtributor.
_4ctb
_4https://id.loc.gov/vocabulary/relators/ctb
700 1 _aPustějovská, Pavlína,
_econtributor.
_4ctb
_4https://id.loc.gov/vocabulary/relators/ctb
700 1 _aPuto, Agnieszka,
_econtributor.
_4ctb
_4https://id.loc.gov/vocabulary/relators/ctb
700 1 _aPuto, Mariusz,
_econtributor.
_4ctb
_4https://id.loc.gov/vocabulary/relators/ctb
700 1 _aPytel-Kopczyńska, Marzena,
_econtributor.
_4ctb
_4https://id.loc.gov/vocabulary/relators/ctb
700 1 _aRadek, Norbert,
_econtributor.
_4ctb
_4https://id.loc.gov/vocabulary/relators/ctb
700 1 _aRakičević, Milorad,
_econtributor.
_4ctb
_4https://id.loc.gov/vocabulary/relators/ctb
700 1 _aRembiasz, Małgorzata,
_econtributor.
_4ctb
_4https://id.loc.gov/vocabulary/relators/ctb
700 1 _aRespondek, Zbigniew,
_econtributor.
_4ctb
_4https://id.loc.gov/vocabulary/relators/ctb
700 1 _aRobak, Elżbieta,
_econtributor.
_4ctb
_4https://id.loc.gov/vocabulary/relators/ctb
700 1 _aRosak-Szyrocka, Joanna,
_econtributor.
_4ctb
_4https://id.loc.gov/vocabulary/relators/ctb
700 1 _aRosi, Maja,
_econtributor.
_4ctb
_4https://id.loc.gov/vocabulary/relators/ctb
700 1 _aRyczko, Marta,
_econtributor.
_4ctb
_4https://id.loc.gov/vocabulary/relators/ctb
700 1 _aRydz, Dariusz,
_econtributor.
_4ctb
_4https://id.loc.gov/vocabulary/relators/ctb
700 1 _aSavchenko, Olena,
_econtributor.
_4ctb
_4https://id.loc.gov/vocabulary/relators/ctb
700 1 _aSałek, Robert,
_econtributor.
_4ctb
_4https://id.loc.gov/vocabulary/relators/ctb
700 1 _aSchmidtová, Jarmila,
_econtributor.
_4ctb
_4https://id.loc.gov/vocabulary/relators/ctb
700 1 _aSelejdak, Jacek,
_econtributor.
_4ctb
_4https://id.loc.gov/vocabulary/relators/ctb
700 1 _aSiemieniak, Paulina,
_econtributor.
_4ctb
_4https://id.loc.gov/vocabulary/relators/ctb
700 1 _aSikora, Piotr,
_econtributor.
_4ctb
_4https://id.loc.gov/vocabulary/relators/ctb
700 1 _aSkowron-Grabowska, Beata,
_econtributor.
_4ctb
_4https://id.loc.gov/vocabulary/relators/ctb
700 1 _aSkrodzka, Wioletta,
_econtributor.
_4ctb
_4https://id.loc.gov/vocabulary/relators/ctb
700 1 _aSobczyk, Andrzej,
_econtributor.
_4ctb
_4https://id.loc.gov/vocabulary/relators/ctb
700 1 _aSobczyńska-Linke, Anna,
_econtributor.
_4ctb
_4https://id.loc.gov/vocabulary/relators/ctb
700 1 _aSobocińska, Anna,
_econtributor.
_4ctb
_4https://id.loc.gov/vocabulary/relators/ctb
700 1 _aSobociński, Maciej,
_econtributor.
_4ctb
_4https://id.loc.gov/vocabulary/relators/ctb
700 1 _aSokolowski, Adam,
_econtributor.
_4ctb
_4https://id.loc.gov/vocabulary/relators/ctb
700 1 _aSowier-Kasprzyk, Izabella,
_econtributor.
_4ctb
_4https://id.loc.gov/vocabulary/relators/ctb
700 1 _aSroka, Mariusz,
_econtributor.
_4ctb
_4https://id.loc.gov/vocabulary/relators/ctb
700 1 _aStachera-Włodarczyk, Sylwia,
_econtributor.
_4ctb
_4https://id.loc.gov/vocabulary/relators/ctb
700 1 _aStasiak-Betlejewska, Renata,
_econtributor.
_4ctb
_4https://id.loc.gov/vocabulary/relators/ctb
700 1 _aStolecka, Katarzyna,
_econtributor.
_4ctb
_4https://id.loc.gov/vocabulary/relators/ctb
700 1 _aStrzelecka, Agnieszka,
_econtributor.
_4ctb
_4https://id.loc.gov/vocabulary/relators/ctb
700 1 _aSuchacka, Małgorzata,
_econtributor.
_4ctb
_4https://id.loc.gov/vocabulary/relators/ctb
700 1 _aSzczepanik, Tomasz,
_econtributor.
_4ctb
_4https://id.loc.gov/vocabulary/relators/ctb
700 1 _aSzlendak, Jerzy K.,
_econtributor.
_4ctb
_4https://id.loc.gov/vocabulary/relators/ctb
700 1 _aSłabik, Michał,
_econtributor.
_4ctb
_4https://id.loc.gov/vocabulary/relators/ctb
700 1 _aTabor, Joanna,
_econtributor.
_4ctb
_4https://id.loc.gov/vocabulary/relators/ctb
700 1 _aTerebecki, Mariusz,
_econtributor.
_4ctb
_4https://id.loc.gov/vocabulary/relators/ctb
700 1 _aTillová, Eva,
_econtributor.
_4ctb
_4https://id.loc.gov/vocabulary/relators/ctb
700 1 _aTkachenko, Tetiana,
_econtributor.
_4ctb
_4https://id.loc.gov/vocabulary/relators/ctb
700 1 _aToman, Radek,
_econtributor.
_4ctb
_4https://id.loc.gov/vocabulary/relators/ctb
700 1 _aTomporowski, Andrzej,
_econtributor.
_4ctb
_4https://id.loc.gov/vocabulary/relators/ctb
700 1 _aTomski, Piotr,
_econtributor.
_4ctb
_4https://id.loc.gov/vocabulary/relators/ctb
700 1 _aTran, Tuan-anh,
_econtributor.
_4ctb
_4https://id.loc.gov/vocabulary/relators/ctb
700 1 _aTurek, Marian,
_econtributor.
_4ctb
_4https://id.loc.gov/vocabulary/relators/ctb
700 1 _aTurek, Tomasz,
_econtributor.
_4ctb
_4https://id.loc.gov/vocabulary/relators/ctb
700 1 _aTylec, Agnieszka,
_econtributor.
_4ctb
_4https://id.loc.gov/vocabulary/relators/ctb
700 1 _aTörök, Ádám,
_econtributor.
_4ctb
_4https://id.loc.gov/vocabulary/relators/ctb
700 1 _aUhričik, Milan,
_econtributor.
_4ctb
_4https://id.loc.gov/vocabulary/relators/ctb
700 1 _aUjma, Adam,
_econtributor.
_4ctb
_4https://id.loc.gov/vocabulary/relators/ctb
700 1 _aUlewicz, Malgorzata,
_econtributor.
_4ctb
_4https://id.loc.gov/vocabulary/relators/ctb
700 1 _aUlewicz, Robert,
_econtributor.
_4ctb
_4https://id.loc.gov/vocabulary/relators/ctb
700 1 _aUlewicz, Robert,
_eeditor.
_4edt
_4http://id.loc.gov/vocabulary/relators/edt
700 1 _aUrbański, Mariusz,
_econtributor.
_4ctb
_4https://id.loc.gov/vocabulary/relators/ctb
700 1 _aVasylyk, Sergii,
_econtributor.
_4ctb
_4https://id.loc.gov/vocabulary/relators/ctb
700 1 _aVaško, Alan,
_econtributor.
_4ctb
_4https://id.loc.gov/vocabulary/relators/ctb
700 1 _aVranayova, Zuzana,
_econtributor.
_4ctb
_4https://id.loc.gov/vocabulary/relators/ctb
700 1 _aWiniarski, Marek,
_econtributor.
_4ctb
_4https://id.loc.gov/vocabulary/relators/ctb
700 1 _aWiśniewska-Sałek, Anna,
_econtributor.
_4ctb
_4https://id.loc.gov/vocabulary/relators/ctb
700 1 _aWojnar, Leszek,
_econtributor.
_4ctb
_4https://id.loc.gov/vocabulary/relators/ctb
700 1 _aWojtasik, Karolina,
_econtributor.
_4ctb
_4https://id.loc.gov/vocabulary/relators/ctb
700 1 _aWojtyto, Dorota,
_econtributor.
_4ctb
_4https://id.loc.gov/vocabulary/relators/ctb
700 1 _aWolniak, Radosław,
_econtributor.
_4ctb
_4https://id.loc.gov/vocabulary/relators/ctb
700 1 _aWrzalik, Aleksandra,
_econtributor.
_4ctb
_4https://id.loc.gov/vocabulary/relators/ctb
700 1 _aWrzalik, Artur,
_econtributor.
_4ctb
_4https://id.loc.gov/vocabulary/relators/ctb
700 1 _aWróbel-Knysak, Anna,
_econtributor.
_4ctb
_4https://id.loc.gov/vocabulary/relators/ctb
700 1 _aZadros, Katarzyna,
_econtributor.
_4ctb
_4https://id.loc.gov/vocabulary/relators/ctb
700 1 _aZatkalíková, Viera,
_econtributor.
_4ctb
_4https://id.loc.gov/vocabulary/relators/ctb
700 1 _aZhelykh, Vasyl,
_econtributor.
_4ctb
_4https://id.loc.gov/vocabulary/relators/ctb
700 1 _aZhuravskaya, Marina,
_econtributor.
_4ctb
_4https://id.loc.gov/vocabulary/relators/ctb
700 1 _aZiegmann, Gerhard,
_econtributor.
_4ctb
_4https://id.loc.gov/vocabulary/relators/ctb
700 1 _aZiora, Leszek,
_econtributor.
_4ctb
_4https://id.loc.gov/vocabulary/relators/ctb
700 1 _aZsombók, Imre,
_econtributor.
_4ctb
_4https://id.loc.gov/vocabulary/relators/ctb
700 1 _aZyska, Aleksandra,
_econtributor.
_4ctb
_4https://id.loc.gov/vocabulary/relators/ctb
700 1 _aZöldy, Máté,
_econtributor.
_4ctb
_4https://id.loc.gov/vocabulary/relators/ctb
700 1 _adi Taranto, Alberto,
_econtributor.
_4ctb
_4https://id.loc.gov/vocabulary/relators/ctb
700 1 _aŠolc, Marek,
_econtributor.
_4ctb
_4https://id.loc.gov/vocabulary/relators/ctb
856 4 0 _uhttps://sciendo.com/book/9783110605402
_zOpen Access
_70
856 4 2 _3Cover
_uhttps://www.degruyter.com/document/cover/isbn/9783110605402/original
942 _cE-BOOK
999 _c71141
_d71140